[Event "Valasska Bystrice Open"]
[Site "?"]
[Date "2011.09.10"]
[Round "1.30"]
[White "Tejkal, Jiri"]
[Black "Kovarik, Matyas"]
[Result "1-0"]
[WhiteElo "1978"]
[BlackElo "1553"]
[PlyCount "91"]
[EventDate "2011.09.10"]

1. d4 Nf6 2. Nf3 g6 3. c4 Bg7 4. Nc3 O-O 5. e4 d6 6. Be2 Nbd7 7. O-O e5 8. Re1
Re8 9. d5 a5 10. Rb1 Nc5 11. Bf1 Rf8 12. b3 Bd7 13. a3 a4 14. b4 Nb3 15. Be3
Ng4 16. Nd2 Qh4 17. Nf3 Nxe3 18. Nxh4 Nxd1 19. Rexd1 Bg4 20. Be2 Bxe2 21. Nxe2
Bh6 22. Nf3 f5 23. exf5 Rxf5 24. Nc3 Rf4 25. Nxa4 Rxa4 26. Rxb3 Rxc4 27. b5 Bc1
28. b6 Rxa3 29. Rxa3 Bxa3 30. bxc7 Rxc7 31. Kf1 Rc1 32. Rxc1 Bxc1 33. Ke2 h6
34. Kd3 Ba3 35. Nd2 Bc5 36. Ne4 b6 37. Kc4 Kf7 38. Kb5 Ke7 39. Kc6 Bd4 40. f3
Bc5 41. h3 b5 42. Nxc5 dxc5 43. Kc7 c4 44. d6+ Ke6 45. d7 b4 46. d8=Q 1-0

[Event "Valasska Bystrice Open"]
[Site "?"]
[Date "2011.09.10"]
[Round "1.31"]
[White "Capil, Dalibor"]
[Black "Belunek, Zdenek"]
[Result "0-1"]
[WhiteElo "1461"]
[BlackElo "1976"]
[PlyCount "49"]
[EventDate "2011.09.10"]

1. e4 e5 2. Nf3 Nc6 3. Nc3 Bc5 4. Bb5 a6 5. Bxc6 dxc6 6. d3 Bg4 7. h3 Bh5 8. g4
Bg6 9. Nxe5 Qd4 10. Be3 Qxe5 11. f4 Qe7 12. Bxc5 Qxc5 13. f5 O-O-O 14. Qf3 f6
15. fxg6 hxg6 16. O-O-O Nh6 17. Rdf1 Nf7 18. Ne2 Ne5 19. d4 Rxd4 20. Qc3 Rc4
21. Qb3 Rxe4 22. Nc3 Rb4 23. Qa3 Nc4 24. Na4 Qg5+ 25. Kd1 0-1

[Event "Valasska Bystrice Open"]
[Site "?"]
[Date "2011.09.10"]
[Round "1.32"]
[White "Kozojed, Vlastislav"]
[Black "Mlady, Pavel"]
[Result "1-0"]
[WhiteElo "1966"]
[BlackElo "1429"]
[PlyCount "77"]
[EventDate "2011.09.10"]

1. d4 Nf6 2. c4 e5 3. dxe5 Ng4 4. Nf3 Bc5 5. e3 Nc6 6. a3 a5 7. Nc3 Ngxe5 8.
Nd4 O-O 9. Be2 Re8 10. O-O d6 11. f4 Bxd4 12. exd4 Ng6 13. Qd3 Bd7 14. Be3 Nce7
15. g4 f5 16. h3 Rf8 17. Rf2 Qc8 18. g5 Be8 19. Rh2 Nh4 20. Bf2 Nhg6 21. Qf3
Bf7 22. h4 Re8 23. h5 Nf8 24. Bd3 b6 25. Re1 Qd7 26. Bh4 Nc6 27. Rxe8 Rxe8 28.
Bf2 Ne7 29. d5 Qc8 30. g6 hxg6 31. h6 c5 32. hxg7 Kxg7 33. Nb5 Qb8 34. Qh3 Bg8
35. Qh8+ Kf7 36. Bh4 Nh7 37. Bg5 Rf8 38. Rxh7+ Bxh7 39. Qxh7+ 1-0

[Event "Valasska Bystrice Open"]
[Site "?"]
[Date "2011.09.11"]
[Round "2.1"]
[White "Cagasik, Tomas"]
[Black "Musil, Vitezslav"]
[Result "1-0"]
[WhiteElo "2296"]
[BlackElo "2005"]
[PlyCount "85"]
[EventDate "2011.09.10"]

1. c4 e5 2. Nc3 f5 3. d3 Nf6 4. g3 Bc5 5. Bg2 O-O 6. e3 d6 7. Nge2 Nc6 8. a3 a6
9. b4 Ba7 10. Qb3 Ne7 11. b5 c6 12. c5+ d5 13. b6 Bb8 14. d4 Ng6 15. h4 h5 16.
dxe5 Nxe5 17. Nf4 Kh7 18. Na4 Neg4 19. Bb2 Bxf4 20. gxf4 Qe7 21. Bd4 Bd7 22.
Nb2 Rae8 23. Nd3 Ne4 24. Bf3 g6 25. Rc1 Be6 26. Qb4 Bg8 27. Be5 Nexf2 28. Nxf2
Nxe5 29. fxe5 Qxe5 30. Kf1 Qxe3 31. Kg2 d4 32. Rce1 Qf4 33. Nd3 Qh6 34. Rxe8
Rxe8 35. Re1 Rd8 36. Re7+ Kh8 37. Qe1 Bd5 38. Qe5+ Kg8 39. Bxd5+ cxd5 40. Qe6+
Kh8 41. Qf6+ Kg8 42. Nf4 d3 43. Qe6+ 1-0

[Event "Valasska Bystrice Open"]
[Site "?"]
[Date "2011.09.11"]
[Round "2.2"]
[White "Obsivac, Josef"]
[Black "Kolasin, Jan"]
[Result "1-0"]
[WhiteElo "2274"]
[BlackElo "2001"]
[PlyCount "71"]
[EventDate "2011.09.10"]

1. d4 Nf6 2. c4 g6 3. Nc3 Bg7 4. e4 d6 5. Nf3 O-O 6. Be2 e5 7. d5 Nbd7 8. h3
Nh5 9. g3 Nhf6 10. Be3 Ne8 11. g4 f5 12. gxf5 gxf5 13. exf5 Ndf6 14. Qc2 Nh5
15. Ng5 Bxf5 16. Bd3 Nf4 17. Bxf5 Qxg5 18. Bxh7+ Kh8 19. O-O-O Qh4 20. Be4 Nf6
21. Kb1 Rg8 22. Rdg1 Bh6 23. Bf3 Rxg1+ 24. Rxg1 Rg8 25. Rxg8+ Kxg8 26. Qf5 Nxh3
27. Bxh6 Qxh6 28. Qc8+ Kg7 29. Qxc7+ Kg6 30. Be4+ Nxe4 31. Nxe4 Qf4 32. Qxd6+
Kh5 33. Ng3+ Kh4 34. Qd8+ Kg4 35. Qd7+ Kh4 36. Qh7+ 1-0

[Event "Valasska Bystrice Open"]
[Site "?"]
[Date "2011.09.11"]
[Round "2.3"]
[White "Balacek, Tadeas"]
[Black "Pys, Zbynek"]
[Result "1-0"]
[WhiteElo "2245"]
[BlackElo "1987"]
[PlyCount "71"]
[EventDate "2011.09.10"]

1. d4 d5 2. Nf3 Nf6 3. c4 e6 4. g3 Be7 5. Bg2 c6 6. O-O Nbd7 7. b3 O-O 8. Bb2
b6 9. Nc3 Bb7 10. Qd3 c5 11. cxd5 exd5 12. Rfd1 Re8 13. Rac1 a5 14. Qb1 Bd6 15.
dxc5 bxc5 16. Ng5 Nf8 17. Nxd5 Bxd5 18. Bxd5 Nxd5 19. Rxd5 Qe7 20. e3 h6 21.
Rcd1 Bxg3 22. hxg3 hxg5 23. Qf5 Rac8 24. Qxg5 Qxg5 25. Rxg5 Ne6 26. Rg4 Red8
27. Rxd8+ Rxd8 28. Be5 Rd5 29. Bc3 Rd3 30. Rc4 f6 31. Kf1 Kf7 32. Ke2 Rd6 33.
Bb2 Rb6 34. Ba3 Rb5 35. Ra4 Nc7 36. Kd3 1-0

[Event "Valasska Bystrice Open"]
[Site "?"]
[Date "2011.09.11"]
[Round "2.4"]
[White "Drabek, Miloslav"]
[Black "Riska, Lubomir"]
[Result "1/2-1/2"]
[WhiteElo "2005"]
[BlackElo "2232"]
[PlyCount "49"]
[EventDate "2011.09.10"]

1. d4 Nf6 2. Nf3 e6 3. c4 c5 4. d5 d6 5. Nc3 exd5 6. cxd5 g6 7. g3 Bg7 8. Bg2
O-O 9. O-O Nbd7 10. a4 Rb8 11. Qc2 a6 12. a5 b5 13. axb6 Nxb6 14. e4 Nfd7 15.
Ra2 Qc7 16. Bf4 Re8 17. Rd1 Bb7 18. Bf1 Ra8 19. Rda1 c4 20. Be3 Rec8 21. Rd1
Nc5 22. Bxc5 Qxc5 23. Na4 Qb4 24. Nxb6 Qxb6 25. Bxc4 1/2-1/2

[Event "Valasska Bystrice Open"]
[Site "?"]
[Date "2011.09.11"]
[Round "2.5"]
[White "Volodin, Viktor"]
[Black "Tejkal, Jiri"]
[Result "1-0"]
[WhiteElo "2210"]
[BlackElo "1978"]
[PlyCount "83"]
[EventDate "2011.09.10"]

1. Nf3 d5 2. d4 Nf6 3. c4 c6 4. Nc3 a6 5. a4 e6 6. g3 Nbd7 7. Bg2 Be7 8. O-O
O-O 9. Qc2 Re8 10. Rd1 Bb4 11. Bf4 Bxc3 12. Qxc3 Ne4 13. Qc2 a5 14. Rac1 Nf8
15. Ne1 Nf6 16. Nd3 N8d7 17. h4 Nh5 18. Bd2 Nhf6 19. b3 h6 20. Bc3 b6 21. Bb2
Bb7 22. c5 bxc5 23. Nxc5 Nxc5 24. Qxc5 Nd7 25. Qd6 Ra6 26. Ba3 c5 27. Qf4 cxd4
28. Qxd4 Nf6 29. Qd3 Ra8 30. Bb2 Qe7 31. Be5 Rec8 32. Qb5 Rxc1 33. Rxc1 Bc8 34.
Rc7 Qd8 35. Qc6 Rb8 36. Rxf7 Rxb3 37. Bxf6 gxf6 38. Rc7 Rb8 39. Bh3 Kh8 40. e3
Qg8 41. Re7 Qf8 42. Re8 1-0

[Event "Valasska Bystrice Open"]
[Site "?"]
[Date "2011.09.11"]
[Round "2.6"]
[White "Maly, Marek"]
[Black "Cizinsky, Petr"]
[Result "1-0"]
[WhiteElo "1996"]
[BlackElo "2178"]
[PlyCount "113"]
[EventDate "2011.09.10"]

1. d4 d5 2. Nf3 Nf6 3. c4 c6 4. Nc3 dxc4 5. a4 Bf5 6. Ne5 Nbd7 7. Nxc4 e6 8. f3
Bb4 9. e4 Bg6 10. Be3 Qe7 11. Be2 O-O 12. O-O c5 13. Qb3 cxd4 14. Bxd4 Bc5 15.
Bxc5 Qxc5+ 16. Kh1 b6 17. Rfd1 Rfd8 18. Rd2 Ne5 19. Rad1 Rxd2 20. Rxd2 h5 21.
Nxe5 Qxe5 22. Qd1 h4 23. Bb5 Qg5 24. Rd6 Bh5 25. Qd2 Qxd2 26. Rxd2 Rc8 27. Kg1
e5 28. Kf2 g5 29. h3 Kg7 30. Ke3 Bg6 31. Rd6 Rc7 32. Rc6 Rxc6 33. Bxc6 Nh5 34.
Nb5 a5 35. Nc7 Nf4 36. Kf2 Nd3+ 37. Ke3 Nxb2 38. Nd5 f6 39. Nxb6 Bf7 40. Bd5
Nd1+ 41. Kd2 Bxd5 42. exd5 Nf2 43. Nc4 f5 44. Nxe5 Kf6 45. Nc4 g4 46. fxg4 fxg4
47. hxg4 Nxg4 48. Nxa5 Ke5 49. Nc4+ Kd4 50. d6 Nf6 51. a5 Ne4+ 52. Ke1 Nc5 53.
Nb6 Nd3+ 54. Kf1 Ne5 55. d7 Nc6 56. a6 Kc5 57. a7 1-0

[Event "Valasska Bystrice Open"]
[Site "?"]
[Date "2011.09.11"]
[Round "2.7"]
[White "Parak, Dominik"]
[Black "Kozojed, Vlastislav"]
[Result "1-0"]
[WhiteElo "2160"]
[BlackElo "1966"]
[PlyCount "91"]
[EventDate "2011.09.10"]

1. e4 c6 2. d4 d5 3. e5 e6 4. Nf3 c5 5. c3 Qb6 6. a3 a5 7. Bd3 Bd7 8. Qe2 Nc6
9. dxc5 Bxc5 10. Nbd2 a4 11. O-O h6 12. c4 Nge7 13. cxd5 exd5 14. Rd1 O-O 15.
Nf1 Bg4 16. Qe1 Nd4 17. N1d2 Rfe8 18. h3 Bh5 19. Qf1 Nec6 20. Nxd4 Bxd4 21. g4
Bg6 22. Bxg6 fxg6 23. Nf3 Bxe5 24. Rxd5 Bf6 25. Rb5 Qa6 26. g5 hxg5 27. Bxg5
Re4 28. Be3 Rae8 29. Rd1 Na7 30. Rb6 Qxf1+ 31. Kxf1 Nc6 32. Rxb7 R8e7 33. Rxe7
Nxe7 34. Rd8+ Kh7 35. Bd4 Rf4 36. Ke2 Nc6 37. Bxf6 gxf6 38. Rd6 Na5 39. Ra6 Nb3
40. Ke3 g5 41. Rb6 Nc5 42. Rb4 Rf5 43. Rd4 Nb3 44. Rxa4 Nc5 45. Ra7+ Kg6 46. b4
1-0

[Event "Valasska Bystrice Open"]
[Site "?"]
[Date "2011.09.11"]
[Round "2.8"]
[White "Olsar, Zdenek"]
[Black "Mrva, Vladimir"]
[Result "0-1"]
[WhiteElo "1985"]
[BlackElo "2157"]
[PlyCount "104"]
[EventDate "2011.09.10"]

1. e4 e5 2. Nf3 Nc6 3. Bb5 a6 4. Ba4 Nf6 5. O-O Be7 6. Re1 b5 7. Bb3 O-O 8. c3
d6 9. h3 Na5 10. Bc2 c5 11. d4 Qc7 12. Nbd2 Bd7 13. Nf1 Rfc8 14. Ne3 g6 15. b3
Bc6 16. d5 Bd7 17. Nh2 Bf8 18. Neg4 Nxg4 19. hxg4 f6 20. f4 exf4 21. Bxf4 Nb7
22. Qd2 Nd8 23. g5 fxg5 24. Bxg5 Bg7 25. Bh6 Bxh6 26. Qxh6 Nf7 27. Qh4 Ne5 28.
Rf1 Rf8 29. Rae1 Rae8 30. Rxf8+ Rxf8 31. Rf1 Qd8 32. Qxd8 Rxd8 33. Rf6 Bc8 34.
a3 Kg7 35. Rf1 a5 36. Nf3 Ng4 37. Re1 Re8 38. Bd3 Bd7 39. c4 bxc4 40. Bxc4 Ne5
41. Nd2 Rb8 42. a4 Rf8 43. Rf1 Rxf1+ 44. Kxf1 Kf6 45. Ke2 Bg4+ 46. Ke3 Bd1 47.
Bb5 h5 48. Nc4 Nxc4+ 49. bxc4 Bg4 50. g3 g5 51. Be8 Ke5 52. Bg6 h4 0-1

[Event "Valasska Bystrice Open"]
[Site "?"]
[Date "2011.09.11"]
[Round "2.9"]
[White "Vorobyov, Yrij"]
[Black "Malcanek, Jan"]
[Result "1-0"]
[WhiteElo "2155"]
[BlackElo "1943"]
[PlyCount "115"]
[EventDate "2011.09.10"]

1. Nf3 c5 2. c4 Nf6 3. d4 cxd4 4. Nxd4 Qc7 5. Nc3 a6 6. e4 e6 7. a3 b6 8. Be3
Bb7 9. f3 d6 10. Rc1 Nbd7 11. Be2 Be7 12. O-O O-O 13. Kh1 Rac8 14. Qd2 Qb8 15.
Rfd1 Bd8 16. Nc2 Nc5 17. Na1 Bc7 18. Bf4 Ne8 19. b4 Nd7 20. Nb3 Ndf6 21. g4 Rd8
22. Qe3 Kh8 23. Rd2 d5 24. Bxc7 Nxc7 25. g5 Nh5 26. Qxb6 dxe4 27. Nxe4 Rxd2 28.
Nbxd2 Nf4 29. Qe3 e5 30. c5 Ncd5 31. Qf2 Nh3 32. Qg3 Nhf4 33. Bc4 Ne3 34. Nd6
Qc7 35. Qe1 Nxc4 36. Rxc4 Bd5 37. Rc3 Qe7 38. N2e4 Qe6 39. c6 Bxe4 40. Nxe4 Rc8
41. Qd2 Qh3 42. Ng3 h6 43. Rc2 Kh7 44. Kg1 hxg5 45. Qd7 Kg6 46. Qxh3 Nxh3+ 47.
Kf1 Rc7 48. a4 Nf4 49. b5 axb5 50. axb5 Nd5 51. Kf2 f5 52. Rc5 Nb4 53. b6 Re7
54. Rb5 Nd3+ 55. Ke2 e4 56. fxe4 Nf4+ 57. Kf1 fxe4 58. b7 1-0

[Event "Valasska Bystrice Open"]
[Site "?"]
[Date "2011.09.11"]
[Round "2.10"]
[White "Belunek, Zdenek"]
[Black "Moravec, Vit"]
[Result "0-1"]
[WhiteElo "1976"]
[BlackElo "2144"]
[PlyCount "52"]
[EventDate "2011.09.10"]

1. e4 c5 2. f4 Nc6 3. Nf3 g6 4. Nc3 Bg7 5. Bc4 d6 6. O-O e6 7. a3 Nge7 8. Qe1
O-O 9. d3 Nd4 10. Nxd4 cxd4 11. Ne2 d5 12. exd5 Nxd5 13. Ng3 b6 14. Bd2 Bb7 15.
Ne4 Rc8 16. Bb4 Nxb4 17. Qxb4 a5 18. Qe1 b5 19. Bxb5 Qd5 20. Bc4 Rxc4 21. dxc4
Qxe4 22. Qxe4 Bxe4 23. Rac1 Rc8 24. Rfe1 f5 25. b3 Kf7 26. Re2 Bf8 0-1

[Event "Valasska Bystrice Open"]
[Site "?"]
[Date "2011.09.11"]
[Round "2.11"]
[White "Sramek, Josef"]
[Black "Fiala, Jan"]
[Result "0-1"]
[WhiteElo "2142"]
[BlackElo "1932"]
[PlyCount "64"]
[EventDate "2011.09.10"]

1. e4 c5 2. Nf3 e6 3. Nc3 a6 4. a4 Nc6 5. g3 d5 6. Bg2 Nge7 7. O-O d4 8. Ne2 e5
9. d3 Ng6 10. h4 Bd6 11. h5 Nge7 12. h6 gxh6 13. Bxh6 Bg4 14. Nh4 Qd7 15. f3
Bh3 16. g4 Bxg2 17. Kxg2 O-O-O 18. Qd2 Rdg8 19. Ng3 Ng6 20. Nhf5 Bf8 21. Rh1
Bxh6 22. Rxh6 Nf4+ 23. Kf2 Rg6 24. Rah1 Rxh6 25. Rxh6 Nd8 26. b4 Qxa4 27. bxc5
Nfe6 28. Nd6+ Kb8 29. Nxf7 Nxf7 30. Rxe6 Rc8 31. c4 dxc3 32. Qxc3 Qa2+ 0-1

[Event "Valasska Bystrice Open"]
[Site "?"]
[Date "2011.09.11"]
[Round "2.12"]
[White "Rucka, Petr"]
[Black "Juricek, Stanislav"]
[Result "1/2-1/2"]
[WhiteElo "1942"]
[BlackElo "2131"]
[PlyCount "39"]
[EventDate "2011.09.10"]

1. e4 c5 2. Nf3 d6 3. g3 g6 4. Bg2 Bg7 5. O-O Nc6 6. Nc3 e6 7. d3 Nge7 8. Be3
Nd4 9. Ne1 Rb8 10. Qd2 O-O 11. Nd1 b5 12. c3 Ndc6 13. f4 Qc7 14. Nf2 b4 15. Nf3
bxc3 16. bxc3 Qa5 17. Rfc1 Bd7 18. Nd1 Rfc8 19. Qf2 Be8 20. g4 1/2-1/2

[Event "Valasska Bystrice Open"]
[Site "?"]
[Date "2011.09.11"]
[Round "2.13"]
[White "Michalcak, Lubomir"]
[Black "Smilek, Petr"]
[Result "1-0"]
[WhiteElo "2100"]
[BlackElo "1917"]
[PlyCount "69"]
[EventDate "2011.09.10"]

1. d4 Nf6 2. c4 c5 3. d5 b5 4. cxb5 a6 5. bxa6 Bxa6 6. Nc3 g6 7. e4 Bxf1 8.
Kxf1 d6 9. Nf3 Bg7 10. h3 O-O 11. Kg1 Nbd7 12. Kh2 Qa5 13. Re1 Rfb8 14. Re2 Ne8
15. Rc2 Nc7 16. Bg5 Kf8 17. Qc1 Ne5 18. Nxe5 Bxe5+ 19. f4 Bh8 20. e5 Nb5 21.
Nxb5 Qxb5 22. Qe3 dxe5 23. fxe5 c4 24. Rd2 Rd8 25. Qe4 Ra5 26. Rad1 Rxa2 27.
Qe2 Rb8 28. Bh6+ Kg8 29. e6 f5 30. Bf4 Rxb2 31. Rxb2 Bxb2 32. d6 exd6 33. e7
Re8 34. Rb1 Rb8 35. Rxb2 1-0

[Event "Valasska Bystrice Open"]
[Site "?"]
[Date "2011.09.11"]
[Round "2.14"]
[White "Bartosek, Ivan"]
[Black "Kunc, Miroslav"]
[Result "0-1"]
[WhiteElo "1928"]
[BlackElo "2094"]
[PlyCount "50"]
[EventDate "2011.09.10"]

1. e4 e6 2. f4 d5 3. exd5 exd5 4. Nf3 Bd6 5. d4 Nf6 6. Nc3 O-O 7. Be2 c5 8. Ne5
cxd4 9. Qxd4 Nc6 10. Nxc6 bxc6 11. O-O Qe7 12. Qd1 Re8 13. Bf3 Ba6 14. Bd2 Bxf1
15. Qxf1 Qc7 16. Qa6 Bxf4 17. Bxf4 Qxf4 18. Qxc6 Qe3+ 19. Kf1 Rac8 20. Qb7 d4
21. Nd5 Nxd5 22. Bxd5 Rxc2 23. Qxf7+ Kh8 24. b4 Rcc8 25. Bf3 Rc1+ 0-1

[Event "Valasska Bystrice Open"]
[Site "?"]
[Date "2011.09.11"]
[Round "2.15"]
[White "Alfimov, Igor"]
[Black "Papan, Cyril"]
[Result "1-0"]
[WhiteElo "1888"]
[BlackElo "2086"]
[PlyCount "125"]
[EventDate "2011.09.10"]

1. d4 Nf6 2. c4 e6 3. Nf3 b6 4. g3 Ba6 5. b3 Bb4+ 6. Bd2 Be7 7. Nc3 d5 8. Bg2
c6 9. Ne5 O-O 10. cxd5 exd5 11. O-O Bd6 12. Bg5 Re8 13. Nd3 Nbd7 14. Re1 h6 15.
Bf4 Bxd3 16. Qxd3 Bxf4 17. gxf4 Qc7 18. e3 Qd6 19. Red1 Qe7 20. Rac1 Rac8 21.
Rc2 Rcd8 22. Rdc1 Ng4 23. h3 Ngf6 24. Kh1 Nh5 25. Qe2 Nhf6 26. Na4 Nb8 27. Nb2
Ne4 28. Nd3 f6 29. Qg4 Kh8 30. f5 Qd7 31. Bxe4 Rxe4 32. Qg6 Qe8 33. Rg1 Qxg6
34. Rxg6 Rd7 35. b4 Rh4 36. Nf4 a5 37. b5 c5 38. Kh2 c4 39. Kg3 Rxf4 40. Kxf4
Re7 41. f3 Nd7 42. e4 Nf8 43. Rg3 g5+ 44. fxg6 Ne6+ 45. Ke3 Kg7 46. exd5 Nc7+
47. Kd2 Nxd5 48. Rxc4 h5 49. Rc6 Rd7 50. a3 Rb7 51. Rd6 Ne7 52. Rg1 Nxg6 53.
Kd3 Kf7 54. Ke4 Re7+ 55. Kd5 Re3 56. Rd7+ Ne7+ 57. Kd6 Re6+ 58. Kc7 Kf8 59. Rd6
Re3 60. Rxf6+ Ke8 61. Rg5 Rxa3 62. Re5 Rd3 63. Rf4 1-0

[Event "Valasska Bystrice Open"]
[Site "?"]
[Date "2011.09.11"]
[Round "2.16"]
[White "Snyta, Zdenek"]
[Black "Ambros, Zdenek"]
[Result "1-0"]
[WhiteElo "2076"]
[BlackElo "1893"]
[PlyCount "81"]
[EventDate "2011.09.10"]

1. e4 c5 2. g3 Nc6 3. Bg2 Nf6 4. f4 d6 5. d3 e5 6. c3 Be7 7. Nh3 O-O 8. O-O Qc7
9. Na3 Bg4 10. Qc2 Rad8 11. Nc4 d5 12. Ne3 dxe4 13. Nxg4 Nxg4 14. dxe4 Qd7 15.
Qe2 Nf6 16. Nf2 Rfe8 17. f5 g6 18. fxg6 hxg6 19. Bg5 Nh7 20. Be3 a6 21. Ng4 Bf8
22. h3 Qe6 23. Qf2 Rd7 24. Bxc5 Bxc5 25. Qxc5 Red8 26. Rf2 Rd1+ 27. Rxd1 Rxd1+
28. Kh2 Kg7 29. b3 Rd3 30. Bf1 Qd6 31. Qxd6 Rxd6 32. Bc4 Nf6 33. Nxf6 Rxf6 34.
Rxf6 Kxf6 35. Bd5 Nd8 36. h4 b6 37. g4 Ne6 38. Bxe6 Kxe6 39. g5 f6 40. c4 Kd6
41. h5 1-0

[Event "Valasska Bystrice Open"]
[Site "?"]
[Date "2011.09.11"]
[Round "2.17"]
[White "Perik, Alois"]
[Black "Simek, Jiri"]
[Result "0-1"]
[WhiteElo "1861"]
[BlackElo "2058"]
[PlyCount "104"]
[EventDate "2011.09.10"]

1. d4 Nf6 2. c4 e6 3. Nf3 Bb4+ 4. Bd2 Qe7 5. a3 Bxd2+ 6. Nbxd2 O-O 7. e3 d5 8.
Rc1 b6 9. Be2 Bb7 10. O-O c5 11. Nb3 Nbd7 12. Nfd2 Rac8 13. Bf3 e5 14. dxe5
Nxe5 15. Bxd5 Nxd5 16. cxd5 Bxd5 17. e4 Bb7 18. Qe2 Rfd8 19. Rc3 Rd7 20. Nf3
Nxf3+ 21. gxf3 Rcd8 22. Re3 Qe5 23. Kh1 c4 24. Qxc4 Qxb2 25. Qa4 Qf6 26. Qb5 a6
27. Qe2 Qe5 28. Rg1 g6 29. Rf1 Bc6 30. Qc2 Bb5 31. Rc1 Ba4 32. Qc4 Rd1+ 33. Re1
Rxe1+ 34. Rxe1 Bb5 35. Qc2 Qd6 36. Kg2 Qxa3 37. Qc7 Qd6 38. Qc3 Qd3 39. Qc7 Qd6
40. Qc3 a5 41. e5 Qc6 42. Qb2 Qd7 43. e6 fxe6 44. Qf6 Bc4 45. Nc1 Rf8 46. Qc3
Bd5 47. Re3 Rc8 48. Qb2 b5 49. Nd3 b4 50. Ne5 Qg7 51. Qd2 Rb8 52. Rd3 Qxe5 0-1

[Event "Valasska Bystrice Open"]
[Site "?"]
[Date "2011.09.11"]
[Round "2.18"]
[White "Horak, Karel"]
[Black "Jurca, Marek"]
[Result "1-0"]
[WhiteElo "2051"]
[BlackElo "1865"]
[PlyCount "73"]
[EventDate "2011.09.10"]

1. e4 c6 2. d4 d5 3. exd5 cxd5 4. c4 Nf6 5. Nc3 e6 6. Nf3 Nc6 7. Bg5 Be7 8. c5
Qa5 9. Bd2 Qd8 10. Bb5 O-O 11. Bg5 Ne8 12. Bxe7 Qxe7 13. O-O Nc7 14. Bxc6 bxc6
15. Ne5 Bb7 16. Re1 f6 17. Nd3 g5 18. h4 h6 19. Qg4 Rf7 20. Re3 Rg7 21. Rae1
Re8 22. Qh5 Qf7 23. Qxf7+ Kxf7 24. hxg5 hxg5 25. Rh3 Bc8 26. Rh6 Rg6 27. Rh7+
Rg7 28. Rh6 Rg6 29. Rh5 Rg7 30. Re3 Kg6 31. Rh1 Bd7 32. Ne2 Rge7 33. f4 Rg8 34.
fxg5 Reg7 35. Ndf4+ Kf5 36. g6 Rxg6 37. Nxg6 1-0

[Event "Valasska Bystrice Open"]
[Site "?"]
[Date "2011.09.11"]
[Round "2.19"]
[White "Stanek, Stanislav"]
[Black "Jasny, Stanislav"]
[Result "0-1"]
[WhiteElo "2024"]
[BlackElo "1858"]
[PlyCount "172"]
[EventDate "2011.09.10"]

1. d4 d5 2. Bf4 Nf6 3. e3 e6 4. Bd3 Bd6 5. Bg3 Nc6 6. Nf3 a6 7. c3 O-O 8. Nbd2
h6 9. Rc1 b5 10. e4 Bxg3 11. hxg3 dxe4 12. Nxe4 Rb8 13. Qe2 Nd5 14. Nc5 Re8 15.
Ne5 Nxe5 16. Qxe5 Qf6 17. Be4 Qxe5 18. dxe5 f5 19. exf6 Nxf6 20. Bc6 Rd8 21.
Rd1 Rd6 22. Bf3 Kf7 23. Nd3 Bb7 24. Ne5+ Ke8 25. Rh4 Bxf3 26. gxf3 Rxd1+ 27.
Kxd1 Rd8+ 28. Rd4 Rxd4+ 29. cxd4 Ke7 30. Kd2 Kd6 31. f4 Kd5 32. Ke3 c5 33. dxc5
Kxc5 34. g4 b4 35. f3 a5 36. Nd3+ Kc4 37. Ne5+ Kc5 38. Nd3+ Kc4 39. Ne5+ Kb5
40. Kd4 a4 41. Nd3 Nd7 42. a3 bxa3 43. bxa3 g6 44. Ne5 Nf8 45. Nc4 h5 46. Nd6+
Kc6 47. Ne4 h4 48. Ng5 Kb5 49. Nh3 Nd7 50. Nf2 Kc6 51. Kc4 Nb6+ 52. Kd4 Kd6 53.
Ne4+ Ke7 54. Ng5 Kd6 55. Ne4+ Ke7 56. Nf2 Kd6 57. Nh3 Nd5 58. Kc4 Kc6 59. Kd4
Kd6 60. Ke4 Nc3+ 61. Kd3 Nb5 62. Kc4 Nxa3+ 63. Kb4 Nc2+ 64. Kxa4 Ne1 65. Kb3
Nxf3 66. Kc3 Kd5 67. Kd3 e5 68. f5 gxf5 69. gxf5 Nd4 70. f6 Ke6 71. Ke4 Kxf6
72. Nf2 Ke6 73. Nh3 Kf6 74. Nf2 Ke6 75. Nh3 Nf5 76. Kf3 Nh6 77. Ke4 Kf6 78. Nf2
Kg5 79. Kf3 Kf5 80. Ne4 Nf7 81. Nf2 Ng5+ 82. Kg2 e4 83. Nd1 Kf4 84. Nc3 h3+ 85.
Kf2 e3+ 86. Kg1 Kf3 0-1

[Event "Valasska Bystrice Open"]
[Site "?"]
[Date "2011.09.11"]
[Round "2.21"]
[White "Micka, Jaroslav"]
[Black "Karlik, Vladimir"]
[Result "0-1"]
[WhiteElo "1835"]
[BlackElo "2286"]
[PlyCount "32"]
[EventDate "2011.09.10"]

1. e4 g6 2. d4 Bg7 3. Nc3 c6 4. Nf3 d6 5. h3 Nf6 6. Be2 O-O 7. O-O Nbd7 8. Be3
Qc7 9. Qd2 b5 10. Bd3 Re8 11. Rfe1 e5 12. d5 b4 13. dxc6 bxc3 14. cxd7 cxd2 15.
dxe8=Q+ Nxe8 16. Bxd2 Nf6 0-1

[Event "Valasska Bystrice Open"]
[Site "?"]
[Date "2011.09.11"]
[Round "2.22"]
[White "Bambusek, Vladislav"]
[Black "Vrana, Frantisek"]
[Result "0-1"]
[WhiteElo "1713"]
[BlackElo "2249"]
[PlyCount "92"]
[EventDate "2011.09.10"]

1. e4 b6 2. Nc3 Bb7 3. d4 e6 4. Nf3 Bb4 5. Bd3 Nf6 6. Bg5 h6 7. Bxf6 Qxf6 8.
Qe2 c5 9. Qe3 cxd4 10. Qxd4 Qxd4 11. Nxd4 Bxc3+ 12. bxc3 Nc6 13. Nxc6 Bxc6 14.
O-O Rc8 15. c4 Bb7 16. Rab1 Ke7 17. Rb4 Rc7 18. e5 Rc5 19. Re1 Ra5 20. Rb2 Rc8
21. f4 Ba6 22. Re4 Ra4 23. g3 Rc5 24. Kf2 Rca5 25. h4 Rxa2 26. Rxa2 Rxa2 27.
Ke1 Bb7 28. Re3 d6 29. Kd2 dxe5 30. Rxe5 f6 31. Re3 Kd6 32. Kc3 Ra3+ 33. Kb2
Ra5 34. Kb3 e5 35. f5 Ra1 36. Be4 Bxe4 37. Rxe4 h5 38. Re3 Rf1 39. Rd3+ Kc7 40.
Kb4 Rxf5 41. c5 bxc5+ 42. Kb5 e4 43. Re3 Re5 44. c4 f5 45. Ka6 Kc6 46. Ka5 Re8
0-1

[Event "Valasska Bystrice Open"]
[Site "?"]
[Date "2011.09.11"]
[Round "2.23"]
[White "Novak, Zdenek"]
[Black "Hrabal, Michal"]
[Result "0-1"]
[WhiteElo "1853"]
[BlackElo "2046"]
[PlyCount "56"]
[EventDate "2011.09.10"]

1. Nf3 d6 2. d4 Nf6 3. Nc3 Nbd7 4. e4 e5 5. Bc4 Be7 6. Bxf7+ Kxf7 7. Ng5+ Kg8
8. Ne6 Qe8 9. Nxc7 Qg6 10. g3 Rb8 11. O-O Nxe4 12. N3d5 Bd8 13. dxe5 Nxe5 14.
Nf4 Qf7 15. Nb5 g5 16. Nxd6 Nxd6 17. Qxd6 Bc7 18. Qh6 gxf4 19. Bxf4 Qg6 20.
Qxg6+ hxg6 21. f3 Bh3 22. Bxe5 Bxe5 23. Rfe1 Bxb2 24. Rab1 Bd4+ 25. Kh1 Kf7 26.
Re4 Bb6 27. Rbe1 Rhe8 28. Rf4+ Kg7 0-1

[Event "Valasska Bystrice Open"]
[Site "?"]
[Date "2011.09.11"]
[Round "2.24"]
[White "Foukal, Jiri"]
[Black "Vlachopulos, Elefteris"]
[Result "1-0"]
[WhiteElo "1915"]
[BlackElo "1735"]
[PlyCount "91"]
[EventDate "2011.09.10"]

1. e4 c5 2. Nf3 Nc6 3. d4 cxd4 4. Nxd4 Qb6 5. Nb3 Nf6 6. Nc3 a6 7. Be3 Qc7 8.
f4 d6 9. Be2 b5 10. O-O e6 11. Bf3 Bb7 12. a3 Be7 13. Qe2 O-O 14. h4 Rac8 15.
h5 Nd7 16. Qf2 Bf6 17. Rad1 Rfd8 18. g4 Bxc3 19. bxc3 e5 20. f5 Na5 21. Nxa5
Qxa5 22. Rxd6 Rc6 23. Rfd1 Rxd6 24. Rxd6 Kf8 25. Bb6 Qxa3 26. Qd2 Nxb6 27.
Rxd8+ Ke7 28. Rh8 Nd7 29. Rxh7 b4 30. Rxg7 Nf6 31. g5 Nxe4 32. Bxe4 Bxe4 33.
f6+ Ke6 34. Qd1 Qxc3 35. Qg4+ Bf5 36. Qe2 Qd4+ 37. Kf1 Qf4+ 38. Ke1 Qc1+ 39.
Kf2 Qxc2 40. Qxc2 Bxc2 41. h6 b3 42. h7 Bxh7 43. Rxh7 Kf5 44. Rxf7 a5 45. Rb7
a4 46. f7 1-0

[Event "Valasska Bystrice Open"]
[Site "?"]
[Date "2011.09.11"]
[Round "2.26"]
[White "Plasek, Radim"]
[Black "Vinklarek, Robert"]
[Result "0-1"]
[WhiteElo "1957"]
[BlackElo "1685"]
[PlyCount "126"]
[EventDate "2011.09.10"]

1. e4 c6 2. d4 d5 3. e5 Bf5 4. f4 e6 5. Nf3 c5 6. c3 Bxb1 7. Qa4+ Nc6 8. Rxb1
a6 9. Be2 b5 10. Qd1 cxd4 11. Nxd4 Nxd4 12. Qxd4 Qc7 13. Be3 Ne7 14. g4 Nc6 15.
Qd2 Be7 16. O-O O-O 17. g5 Na5 18. b3 Bc5 19. Bd3 Rac8 20. Rbc1 Qa7 21. Rf3
Bxe3+ 22. Qxe3 Qxe3+ 23. Rxe3 Rc7 24. Re2 Rfc8 25. Rec2 Nc6 26. Kf2 Kf8 27. h4
g6 28. h5 Ke7 29. hxg6 hxg6 30. Rh1 Nb4 31. cxb4 Rxc2+ 32. Bxc2 Rxc2+ 33. Ke3
Rxa2 34. Rc1 Kd7 35. Kd3 Rb2 36. Rc3 Rf2 37. Ke3 d4+ 38. Kxd4 Rxf4+ 39. Kc5 Re4
40. Kb6 Rxe5 41. Rc7+ Ke8 42. Kxa6 Rxg5 43. Rc5 Rg3 44. Kxb5 Rxb3 45. Kc4 Rb1
46. b5 Kd7 47. Kd4 Kd6 48. Rc6+ Kd7 49. Rc5 f6 50. Ke4 g5 51. Kd4 g4 52. Ke4
Rb4+ 53. Ke3 f5 54. Kf2 Kd6 55. Rc6+ Kd5 56. Rb6 f4 57. Rb8 Ke4 58. b6 g3+ 59.
Kg2 Rb2+ 60. Kh3 g2 61. Kh2 f3 62. b7 Ke3 63. Re8 Kf2 0-1